Thiết kế công trình năng lượng tái tạo điện gió

Nội dung sách nhằm mục đích làm rõ sự làm việc và trình tự tính toán thiết kế cho một số dạng kết cấu công trình điện gió sử dụng các dạng móng cố định như móng cọc, bệ cọc hay móng dạng giàn và trọng lực....

Disgrifiad llawn

Wedi'i Gadw mewn:
Manylion Llyfryddiaeth
Prif Awdur: Nguyễn Thành Trung
Fformat: Llyfr
Iaith:Vietnamese
Cyhoeddwyd: H. Xây dựng 2023
Pynciau:
Tagiau: Ychwanegu Tag
Dim Tagiau, Byddwch y cyntaf i dagio'r cofnod hwn!
Thư viện lưu trữ: Thư viện Trường Đại học Nam Cần Thơ
LEADER 01366nam a22002177a 4500
001 NCT_4_003554
008 240221b xxu||||| |||| 00| 0 vie d
999 |c 8050  |d 8050 
020 |a 9786048275808 
082 0 4 |2 23rd ed.  |a 333.79  |b Tr513 
100 1 |a Nguyễn Thành Trung 
245 1 0 |a Thiết kế công trình năng lượng tái tạo điện gió  |c Nguyễn Thành Trung 
260 |a H.  |b Xây dựng  |c 2023 
300 |a 320tr.  |c 21 cm 
520 3 |a Nội dung sách nhằm mục đích làm rõ sự làm việc và trình tự tính toán thiết kế cho một số dạng kết cấu công trình điện gió sử dụng các dạng móng cố định như móng cọc, bệ cọc hay móng dạng giàn và trọng lực. 
653 |a Kỹ thuật môi trường 
942 |2 ddc  |c BK 
952 |0 0  |1 0  |2 ddc  |4 0  |6 333_790000000000000_TR513  |7 0  |9 28450  |a 000001  |b 000001  |d 2024-02-21  |o 333.79 Tr513  |p MD.22113  |r 2024-02-21  |w 2024-02-21  |y BK 
952 |0 0  |1 0  |2 ddc  |4 0  |6 333_790000000000000_TR513  |7 0  |9 28451  |a 000001  |b 000001  |d 2024-02-21  |o 333.79 Tr513  |p MD.22114  |r 2024-02-21  |w 2024-02-21  |y BK 
952 |0 0  |1 0  |2 ddc  |4 0  |6 333_790000000000000_TR513  |7 0  |9 28452  |a 000001  |b 000001  |d 2024-02-21  |o 333.79 Tr513  |p MD.22115  |r 2024-02-21  |w 2024-02-21  |y BK 
980 |a Thư viện Trường Đại học Nam Cần Thơ